000
00319nam a22001337a 4500
005
20160628111314.0
008
160628b xxu||||| |||| 00| 0 eng d
041
_a
eng
082
_b
10749
245
_a
Pramana, Journal of Physics
260
_b
Indian Academy of Sciences
_c
188
650
_a
Journal
_9
3034
942
_c
JRL
999
_c
4393
_d
4392